Algún apunte sobre la sociedad anónima deportiva (Registro nro. 21681)

Detalles MARC
000 -LEADER
fixed length control field 00348 a2200109 4500
001 - CONTROL NUMBER
control field ART_63579
005 - DATE AND TIME OF LATEST TRANSACTION
control field 20260410161813.0
008 - FIXED-LENGTH DATA ELEMENTS--GENERAL INFORMATION
fixed length control field 260409a
100 1# - MAIN ENTRY--PERSONAL NAME
Personal name Barreiro, Marcelo G.
245 10 - TITLE STATEMENT
Title Algún apunte sobre la sociedad anónima deportiva
773 0# - HOST ITEM ENTRY
Title Doctrina Societaria y Concursal
Related parts - Nº 445 (oct./nov. 2025)
Record control number REV4298

No hay ítems disponibles.